The Encyclopedia yearbook of jazz.

Bibliographic Details
Other Authors: Feather, Leonard, 1914-1994
Format: Serial
Language:English
Published: New York : Horizon Press.
Subjects:

MARC

Tag First Indicator Second Indicator Subfields
LEADER 00000cas a2200000 4500
001 in00000053414
005 20151007070239.0
008 791212c19569999nyuar y 0uuua0engm
010 |a  56012327  
035 |a (OCoLC)05787781 
035 |9 AAE3640AM 
040 |a DLC  |c INT  |d INT  |d OCL  |d TXA  |d UtOrBLW 
049 |a TXAE 
050 0 0 |a ML3561.J3  |b E552 
082 0 |a 780.973  |a 785.42058* 
245 0 4 |a The Encyclopedia yearbook of jazz. 
264 1 |a New York :  |b Horizon Press. 
300 |a volumes :  |b illustrations ;  |c 27 cm. 
336 |a text  |b txt  |2 rdacontent 
337 |a unmediated  |b n  |2 rdamedia 
338 |a volume  |b nc  |2 rdacarrier 
362 0 |a 1956- 
500 |a Title varies slightly. 
500 |a Compiler: 1956, L. Feather. 
650 0 |a Jazz  |v Periodicals. 
700 1 |a Feather, Leonard,  |d 1914-1994. 
999 |a MARS 
999 f f |s e26fba2b-26c6-3d48-a2b6-0516cdfcc5df  |i 5c27c531-07a3-30c4-bd7e-43cab7274b00  |t 0 
952 f f |p storage  |a Texas A&M University  |b J.J. Pickle Campus  |c High Density Repository  |d Remote Storage  |t 0  |e ML3561.J3 E552  |h Library of Congress classification  |i unmediated -- volume  |l 1956  |m A14809097572 
998 f f |a ML3561.J3 E552  |s 1956  |t 0  |l Remote Storage